| 000 | 01392nam0a22003371 4500 | ||
|---|---|---|---|
| 001 | RU\INFOCOMM_322\5000058416 | ||
| 005 | 20250613102231.0 | ||
| 035 | _a(NLR Aleph) 009435052 | ||
| 090 |
_a8308355 _c8308355 |
||
| 100 | _a20121114d1974 |||y0rusy50 ca | ||
| 101 | 0 | _aeng | |
| 102 | _aRU | ||
| 105 | _ay z ||||| | ||
| 200 | 1 |
_aHydration and hardening of cement in asbestos cement _eSupplementary paper _fT. M. Berkovitch, Prof., Dr. Techn. Sci., E. A. Valyukov, Cand. Techn. Sci., O. I. Gracheva, Cand. Techn. Sci. ... [и др.] (USSR) _gThe VI Intern. congr. on the chemistry of cement, Moscow, Sept., 1974 |
|
| 210 |
_aM. _d1974 |
||
| 215 |
_a11 с. _d21 см |
||
| 300 | _aНа обороте тит. л.: Т. М. Беркович [и др.] Гидратация и твердение цемента в асбестоцементе. Доп. докл. | ||
| 320 | _aБиблиогр.: с. 10-11 | ||
| 620 | _aМосква | ||
| 686 |
_aТх-т499 _2rubbk |
||
| 686 |
_a[Л459.52-106.5] _2rubbk |
||
| 701 | 1 |
_9z03790 _aBerkovič _bT. M. _gTobias Moiseevič |
|
| 701 | 1 |
_aValyukov _bE. A. |
|
| 701 | 1 |
_aGracheva _bO. I. |
|
| 712 | 1 | 2 |
_aInternational symposium on the chemistry of cement _d6 _eMoscow _f1974 _4570 |
| 790 | 1 |
_9z03701 _aBerkovitch _bT. M. _4070 |
|
| 801 | 1 |
_aRU _bNLR _c20121114 |
|
| 801 | 0 |
_aRU _bINFOCOMM _gPSBO |
|
| 852 |
_aNLR _jТ45 Д-4/342 |
||
| 942 | _cBOOK | ||
| 980 | _aNB | ||